Normal view
MARC view
Entry Uniform Title
001 - CONTROL NUMBER
- control field: 18535
003 - CONTROL NUMBER IDENTIFIER
- control field: dpl
005 - DATE AND TIME OF LATEST TRANSACTION
- control field: 20100906121105.0
008 - FIXED-LENGTH DATA ELEMENTS
- fixed length control field: 100906|||a|||||| | ||| d
040 ## - CATALOGING SOURCE
- Original cataloging agency: dpl
- Transcribing agency: dpl
130 ## - HEADING--UNIFORM TITLE
- Uniform title:
- Form subdivision:
670 ## - SOURCE DATA FOUND
- Source citation: Work cat.: (dpl): गिरधर वन्दना 18532, निखरा सच /, 2010
670 ## - SOURCE DATA FOUND
- Source citation: Work cat.: (dpl): गिरधर वन्दना 18532, निखरा सच /, 2010
